La Mia Corsa

Gespeichert in:
Bibliographische Detailangaben
1. Verfasser: Gianluigi Sommariva
Format: Buch
Sprache:Nichtbestimmte Sprache
Veröffentlicht: Fabri Editori
Tags: Tag hinzufügen
Keine Tags, Fügen Sie das erste Tag hinzu!

MARC

LEADER 00000nam a2200000Ia 4500
001 R-1197
003 CODICE-MESSINA
005 20260212102503.0
008 260211s9999 xx 000 0 und d
040 |c importazione_messina 
100 |a Gianluigi Sommariva 
245 0 |a La Mia Corsa 
260 |b Fabri Editori 
942 |2 ddc  |c BK 
952 |0 0  |1 0  |2 ddc  |4 0  |7 0  |9 32029  |a ME  |b ME  |d 2026-02-11  |l 0  |o  -   |p R-1197  |r 2026-02-11 23:52:55  |w 2026-02-11  |x [REVISIONARE]  |y BK 
999 |c 27696  |d 27696